000 00439nam a2200145Ia 4500
008 100122s9999 xx 000 0 und d
082 _b674
_a823
100 _aगांधी महात्मा
245 _aअनासक्तियोग
260 _bप्रकाशक शोधणे
_c1924
300 _a55
630 _aअनासक्तियोग
730 _aअनासक्तियोग
942 _cBOOK
999 _c382610
_d382607